000 03482cam a22012734i 4500
003 PE-LiUPU
005 20250813185651.0
008 150616s1994 pe r 000 0 spa d
020 _a8489303312
020 _a9788489303317
035 _a(Sirsi) i9788489303317
040 _aPE-LiUPU
_bspa
_cPE-LiUPU
_erda
049 _aPRUA
082 0 4 _a305.230985
_bA33
_221
100 1 _aAlarcón Glasinovich, Walter,
_eautor.
245 1 0 _aSer Niño :
_buna nueva mirada de la infancia en el Perú /
_cWalter Alarcón Glasinovich.
264 1 _aLima :
_bIEP/UNICEF,
_c1994.
300 _a203 páginas :
_bilustraciones ;
_c21 centímetros
336 _atext
_2rdacontent
337 _aunmediated
_2rdamedia
338 _avolume
_2rdacarrier
490 0 _aInfancia y Sociedad ;
_v1
500 _aEl ejemplar 46047 costó: 25.00 soles.
504 _aBibliografía: páginas 193-203.
505 0 _aEl Perú de los '90 -- Niños con necesidades específicas de atención preventiva -- Niños de la calle -- Niños en conflicto armado -- Niños institucionalizados -- Niños en estrategias de sobrevivencia -- Mirando hacia el futuro.
526 _aP202
526 _aP201
526 _aP163
526 _aP162
526 _aP161
526 _aP160
526 _aP148
526 _aP147
526 _aP146
526 _aP145
526 _aP144
526 _aP143
526 _aP142
526 _aP141
526 _aP140
526 _aP139
526 _aP138
526 _aP137
526 _aP136
526 _aP135
526 _aP134
526 _aP133
526 _aP129
526 _aP128
526 _aP127
526 _aP120
526 _aP119
526 _aP118
526 _aP116
526 _aP115
526 _aP114
526 _aP110
526 _aP109
526 _aP108
526 _aP104
526 _aP103
526 _aP102
526 _aP99
526 _aP98
526 _aP97
526 _aP96
526 _aP95
526 _aP93
526 _aP90
526 _aP89
526 _aP88
526 _aP83
526 _aP82
526 _aP62
526 _aP59
526 _aP58
526 _aP57
526 _aP51
526 _aP49
526 _aP48
526 _aP47
526 _aP29
526 _aP24
526 _aP20
526 _aP19
526 _aP17
526 _aP15
526 _aP14
526 _aP12
526 _aP10
526 _aP09
526 _aP08
526 _aP07
526 _aP06
526 _aP05
526 _aP04
526 _aP01
650 0 4 _aNiños
_zPerú.
910 _ajck
_bjvq
_cjck
910 _bksl
_cksl
_d20190516
942 _2ddc
_cBOOK
949 _a301.441 985 A33
_wDEWEY
_c1
_i43360
_lCCODEBUL1
_mBUL
_r0
_sY
_tBOOK
_u2015-6-16
_xEDUCACION
_PP20
_0COMPRA
_o.STAFF. Colección General
949 _a301.441 985 A33
_wDEWEY
_c2
_i46047
_lCCODEBUL1
_mBUL
_r0
_sY
_tBOOK
_u2015-6-16
_xEDUCACION
_PP20
_0COMPRA
_o.STAFF. Colección General
994 _aC0
_bPEPRU
596 _a1
999 _a305.230985 A33
_wDEWEY
_c61330
_i43360
_d61330
_e2017-9-7
_f2021-11-4
_g6
_lCCODEBUL1
_mBUL
_n3
_p16.00
_r0
_sY
_tBOOK
_u2015-6-16
_xBIBLIOTECA
_PP20
_0COMPRA
_o.STAFF. Colección General
999 _a305.230985 A33
_wDEWEY
_c2
_i46047
_f2021-11-4
_g6
_lCCODEBUL1
_mBUL
_r0
_sY
_tBOOK
_u2015-6-16
_xBIBLIOTECA
_PP20
_0COMPRA
_o.STAFF. Colección General
980 _81
_gALBERTO SANCHEZ Responsable de Automatización